Na zdravie, pán Jankech! reprezentačný tréner Maldív, pán tréner a pán človek, má dnes 70 rokov

Bibliographic Details
Main Author: Šurin, Peter (Author)
Format: Article
Language:Slovak
PhysicalDescription:Fotogr.
ISSN:0139-7001
Subjects:

MARC

LEADER 00000nab a2200000 ar4500
001 vtls009154396
003 SK-MaSNL
005 20260303064046.0
008 071029c20071024xo mr|p|||||||000 b|slo
015 |a SNKBUCL2007/10  |2 snkbucl 
038 |a SNKBUCL 
040 |a SNKBUCL  |b slo  |c SNKBUCL  |e AACR2 
041 0 |a slo 
044 |a xo  |c SK 
080 |a 796.332.071.4  |2 2001 
080 |a 929 Jankech, Jozef  |2 2001 
100 1 |a Šurin, Peter  |4 aut  |9 571511 
245 1 0 |a Na zdravie, pán Jankech!  |b reprezentačný tréner Maldív, pán tréner a pán človek, má dnes 70 rokov  |c Peter Šurin 
300 |b Fotogr. 
600 1 7 |a Jankech, Jozef,  |d 1937-  |2 snkbucl  |9 838730 
650 0 7 |a futbal  |2 snkbucl  |9 3291 
773 0 |t Šport  |g Roč. 61, č. 245 (24.10.2007), s. 10  |x 0139-7001 
852 |a SNK  |b KIS3GCP 
999 |c 1745564  |d 1747494